Amazonia colombiana diversidad y conflicto (Registro nro. 2652)
[ vista simple ]
| 000 -CABECERA | |
|---|---|
| Campo de control | 01544nam a2200373 i 4500 |
| 005 - FECHA Y HORA DE LA ULTIMA TRANSACCION | |
| Campo de control | 20200104041534.0 |
| 008 - ELEMENTOS DE LONGITUD FIJA—INFORMACION GENERAL | |
| Campo de control | 140306s1992 ck ab gr|||| 00| 0 spa d |
| 020 ## - ISBN | |
| ISBN | 9589543715 |
| 040 ## - FUENTE DE CATALOGACIÓN | |
| Agencia catalogadora original | CO-BoIAVH |
| Agencia transcriptora | CO-BoIAVH |
| 041 0# - IDIOMA | |
| Código de idioma para texto/pista de sonido o título separado | Español |
| 044 ## - PAÍS DE PUBLICACIÓN | |
| País de publicación | Colombia |
| 082 04 - NUMERO DE CLASIFICACION DECIMAL DEWEY | |
| Número de clasificación | 986.18617 |
| Número del ítem | A55a |
| 245 00 - MENCION DE TITULO | |
| Título | Amazonia colombiana diversidad y conflicto |
| Mención de responsabilidad | Editores, German I. Andrade, Adriana Hurtado G., Ricardo Torres ; COLCIENCIAS, Comisión Nacional de Investigaciones Amazónicas , CEGA. |
| 260 ## - PUBLICACION, DISTRIBUCION, ETC. (PIE DE IMPRENTA) | |
| Lugar de publicación, distribución, etc. | Bogotá : |
| Nombre del editor, distribuidor, etc. | CEGA : |
| -- | Comisión Nacional de Investigaciones Amazónicas : |
| -- | COLCIENCIAS , |
| Fecha de publicación, distribución, etc. | 1992. |
| 300 ## - DESCRIPCION FISICA | |
| Extensión | 404 páginas : |
| Otros detalles físicos | Ilustraciones y mapas ; |
| Dimensiones | 23 cm. |
| 650 16 - ASIENTO SECUNDARIO DE MATERIA - TERMINO TEMATICO | |
| Término temático o nombre geográfico como elemento de entrada | Caracterización ecológica |
| 9 (RLIN) | 4545 |
| 650 26 - ASIENTO SECUNDARIO DE MATERIA - TERMINO TEMATICO | |
| Término temático o nombre geográfico como elemento de entrada | Recursos Naturales |
| 9 (RLIN) | 57585 |
| 650 26 - ASIENTO SECUNDARIO DE MATERIA - TERMINO TEMATICO | |
| Término temático o nombre geográfico como elemento de entrada | Población humana |
| 9 (RLIN) | 16890 |
| 650 26 - ASIENTO SECUNDARIO DE MATERIA - TERMINO TEMATICO | |
| Término temático o nombre geográfico como elemento de entrada | Política ambiental |
| 9 (RLIN) | 57586 |
| 650 26 - ASIENTO SECUNDARIO DE MATERIA - TERMINO TEMATICO | |
| Término temático o nombre geográfico como elemento de entrada | Deforestación |
| 9 (RLIN) | 266 |
| 650 #6 - ASIENTO SECUNDARIO DE MATERIA - TERMINO TEMATICO | |
| Término temático o nombre geográfico como elemento de entrada | Gestión ambiental |
| 9 (RLIN) | 92206 |
| 650 26 - ASIENTO SECUNDARIO DE MATERIA - TERMINO TEMATICO | |
| Término temático o nombre geográfico como elemento de entrada | Areas protegidas |
| 9 (RLIN) | 78 |
| 650 26 - ASIENTO SECUNDARIO DE MATERIA - TERMINO TEMATICO | |
| Término temático o nombre geográfico como elemento de entrada | Poblamiento |
| 9 (RLIN) | 16307 |
| 650 #6 - ASIENTO SECUNDARIO DE MATERIA - TERMINO TEMATICO | |
| Término temático o nombre geográfico como elemento de entrada | Minería |
| 9 (RLIN) | 57590 |
| 650 26 - ASIENTO SECUNDARIO DE MATERIA - TERMINO TEMATICO | |
| Término temático o nombre geográfico como elemento de entrada | Grupos indígenas |
| 9 (RLIN) | 16896 |
| 700 1# - ASIENTO SECUNDARIO - NOMBRE PERSONAL | |
| Nombre personal | Andrade , Germán I. |
| Término de relación | editor. |
| 9 (RLIN) | 57592 |
| 700 1# - ASIENTO SECUNDARIO - NOMBRE PERSONAL | |
| Nombre personal | Hurtado G., Adriana, |
| Término de relación | editora. |
| 9 (RLIN) | 50446 |
| 700 1# - ASIENTO SECUNDARIO - NOMBRE PERSONAL | |
| Nombre personal | Torres, Ricardo, |
| Término de relación | editor. |
| 9 (RLIN) | 9207 |
| 710 2# - ASIENTO SECUNDARIO - NOMBRE CORPORATIVO | |
| Nombre corporativo o de jurisdicción como elemento de entrada | Instituto Nacional de Recursos Naturales Renovables y del Ambiente |
| 9 (RLIN) | 50463 |
| 710 2# - ASIENTO SECUNDARIO - NOMBRE CORPORATIVO | |
| Nombre corporativo o de jurisdicción como elemento de entrada | Programa de Estímulo a la Investigación del Bosque Húmedo Tropical |
| 9 (RLIN) | 50464 |
| 710 2# - ASIENTO SECUNDARIO - NOMBRE CORPORATIVO | |
| Nombre corporativo o de jurisdicción como elemento de entrada | Corporación Colombiana para la Amazonia "Araracuara" |
| 9 (RLIN) | 50465 |
| 710 2# - ASIENTO SECUNDARIO - NOMBRE CORPORATIVO | |
| Nombre corporativo o de jurisdicción como elemento de entrada | Conglomerado Banganadero de Colombia |
| 9 (RLIN) | 50466 |
| 942 ## - ELEMENTOS ADICIONALES (KOHA) | |
| Tipo de ítem | Libro |
| Sistema de clasificación | Dewey Decimal Classification |
| Koha issues (borrowed), all copies | 1 |
| Withdrawn status | Lost status | Sistema de Clasificación | Damaged status | No para préstamo | Colección | Inventariado | Ubicación Permanente | Ubicación actual | Fecha de adquisición | Fuente de Valor | Valor | Total Checkouts | Número topográfico | Inventario / Código de Barras | Date last seen | Ejemplar | Price effective from | Forma de adquisición | Tipo de material | Public note | Date checked out |
|---|---|---|---|---|---|---|---|---|---|---|---|---|---|---|---|---|---|---|---|---|---|
| Dewey Decimal Classification | General | Inventariado 2017 | Bogotá | Bogotá | 06/06/2002 | Amazon | 40000.00 | LB-986.18617 A55a | 004277 | 04/12/2012 | Ej.1 | 04/12/2012 | Libro | Incluye 2 mapas plegables (CID-004278 y CID-004279). | |||||||
| Local | General | Inventariado 2017 | Bogotá | Bogotá | 06/06/2002 | Ministeriodel Medio Ambiente | 004278 | 04/12/2012 | Ej.1 | 04/12/2012 | Mapa | Mapa ecológico general de la Amazonía Colombiana | |||||||||
| Local | General | Inventariado 2017 | Bogotá | Bogotá | 06/06/2002 | Ministeriodel Medio Ambiente | 004279 | 04/12/2012 | Ej.1 | 04/12/2012 | Mapa | Mapa general de uso del paisaje y areas legales de la Amazonía Colombiana | |||||||||
| Dewey Decimal Classification | General | Inventariado 2017 | Bogotá | Bogotá | 07/06/2002 | Amazon | 40000.00 | 1 | LB-986.18617 A55a | 004908 | 12/09/2016 | Ej.3 | 04/12/2012 | Libro | Incluye 2 mapas plegables (CID-018256 y CID-018257). | 12/09/2016 | |||||
| Local | General | Inventariado 2017 | Bogotá | Bogotá | 07/06/2002 | Ministeriodel Medio Ambiente | 018256 | 12/01/2017 | Ej.3 | 04/12/2012 | Mapa | Mapa ecológico general de la Amazonía Colombiana | |||||||||
| Local | General | Inventariado 2017 | Bogotá | Bogotá | 07/06/2002 | Ministeriodel Medio Ambiente | 018257 | 04/12/2012 | Ej.3 | 04/12/2012 | Mapa | Mapa general de uso del paisaje y areas legales de la Amazonía Colombiana | |||||||||
| Local | General | Inventariado 2017 | Sala Fabio Quevedo | Sala Fabio Quevedo | 09/08/2004 | Amazon | 40000.00 | LB-986.18617 A55a | 016370 | 04/12/2012 | Ej.2 | 04/12/2012 | Libro | ||||||||
| Local | General | Inventariado 2017 | Sala Fabio Quevedo | Sala Fabio Quevedo | 09/08/2004 | Amazon | 40000.00 | LB-02459 | 016371 | 04/12/2012 | Ej.2 | 04/12/2012 | Libro | Mapa general de uso del paisaje y areas legales de la Amazonía Colombiana | |||||||
| Dewey Decimal Classification | General | Inventariado 2017 | Sala Fabio Quevedo | Sala Fabio Quevedo | 09/08/2004 | Amazon | 40000.00 | LB-986.18617 A55a | 016372 | 04/12/2012 | Ej.2 | 04/12/2012 | Libro | Mapa ecológico general de la Amazonía Colombiana |